01274nam a2200313Ia 450000500170000000800410001702000150005808200180007310000360009124500910012725000190021830000510023750001210028865000230040965000290043265000300046165000320049170000420052370000420056570000410060794200120064826400330066033600270069333700330072033800280075304000350078199900150081695201290083120220317000730.0160601s2005 ck a g 000 0 und  a958410351204a657.04 bG82c1 aGudiño Dávila, Emma Lucía10aContabilidad 2000 plus cEmma Lucía Gudiño Dávila, Lucy del Carmen Coral Delgado a5a. edición  a298 páginas bilustraciones c27 cm eCD-ROM aIncluye CD-ROM. Consultarlo bajo el título : Contabilidad 2000 Plus. Consultarlo bajo clasificación: 657.04 G82c142LEMBaContabilidad142LEMBaCuentas por cobrar142LEMBaEstados financieros142LEMBaAnálisis financiero1 aCoral Delgado, Lucy del Carmen9194741 aRiascos España, Ana Cristina9535571 aMora G., Guillermo E.eeditor953558 2ddccBK aBogotá bMcGraw-Hillc2005 atextobtxt2rdacontent asin mediaciónbn2rdamedia avolumenbnc2rdacarrier aCO-BoRNBPbspaerdacCO-BoRNBP c4900d4900 00102ddc40708GENaMEURIBEbMEURIBEcGENd2024-08-09l0o657.04 G82cpURI00807r2024-08-09 10:41:42tEj.1w2024-08-09yBK